000 00424nam a2200193Ia 4500
008 101110s9999 xx 000 0 und d
041 _aENGLISH
082 _bSR13756
100 _aRathor B.S.
245 _aExport Marketing
365 _b25
520 _aCommerce
546 _aENGLISH
630 _aExport Marketing
650 _aCommerce
655 _aCommerce
730 _aExport Marketing
942 _cBOOK
999 _c807900
_d807897